000 00584nam a22001575i 4500
001 160791
003 ES-MaACL
005 20230906212128.0
008 950421s1892 sp |||| | spa d
040 _aAS
_cCCPB | SIC
_bspa
245 0 0 _aNovelas y Caprichos /
_cpor el doctor Thebussem... [et al.].
260 _aMadrid :
_bCompañía de Impresores y Libreros, á cargo de D.A. Avrial,
_c[s.a.]
300 _a300, III p. :
_bil. ;
_c19 cm.
594 1 _aPrecede al tít. : Almanaque de la España Moderna para el año 1892.
852 _aES-MaACL
_jF-11384
_z-- Enc. pasta española
999 _c160791
_d160791